zpět

Detail výsledku týmu

R.A.M., Jablonec nad Nisou

Datum a čas kvízu

25.5 Celkem bodů Celkový počet nahraných bodů na tomto kvízu bez doplňovacích otázek.
13. Pořadí na kvízu Konečné umístění týmu na tomto kvízu.

Zaznamenané odpovědi

# Otázka Odpověď Body Výsledky
1. Předsedou KDU-ČSL se na pátečn... Marek Výborný 1
2. Dvacetiletá Árifa Sultánaová z... má dvě dělohy (uznáváme i zdvojenou dělohu) 1
3. Videoklip jedné hudební kapely... Rammstein 1
4. Tři moravské pivovary přestan... Litovel, Zubr, Holba 1
5. 37letý záložník, hráč klubu AC... Marek Matějovský 1
6. Vaším úkolem bude uhodnout kře... Jan / Stanislav Tříska 0.5
7. Nejstarší muž z naší trojice b... Otokar / Karel / Michal Březina 0
8. Nejstarším z další trojice je... Emanuel / David Moravec; Nikol Moravcová 0.5
9. Tento anglický herec, držitel... Clive / Michael Owen 0.5
10. Tento francouzský filozof, spi... Jean-Jacques / Henri Rousseau 0